MDQL
is popping MORE tags! Check the
thread
!
Quizzes
Events
Quiz Creation
Community
Videos
Private Events
Remove Ads
Sign In
Join for FREE
Feedback
Dark Mode
Quiz Categories
Sports
Geography
Music
Movies
Television
Just For Fun
Miscellaneous
History
Literature
Language
Science
Gaming
Entertainment
Religion
Holiday
For Kids
Quiz Lab
Recent
Popular Today
Quiz Kudos Today
Editor Picks
Curator Picks
Quizzes by...
Day
Popularity
Type
Ratings
Length
Year
Community
Subscriptions
Recent Discussions
Orange Saloon
Badges
Playlists
Quests
Create
Leaderboards
Showdown
Live 5
Trivia Bingo
Activity
Puzzle Library
Sporcle Events
Private Events
Virtual Trivia
Globe League
Become a Host
Pub Owners
SporcleCon
Opinionation
Our Games
Videos
Blog
Mobile Apps
Partnerships
Remove Ads and Go Orange
Feedback
Music
Pop Music
The Beatles
Song
Album
Lyrics
Bands
Singers
Artist
Clip
Rock
Rap
Classical
Billboard
Country Music
Kpop
Taylor Swift
Music
Pop Music
The Beatles
Song
Album
Lyrics
Bands
Singers
Artist
Clip
Rock
Rap
Classical
Billboard
Country Music
Kpop
Taylor Swift
Random Quiz
Search Sporcle
×
Quiz Lab
Quiz Lab
Music
1951
Type in answers that appear in a list
Type in answers that appear in a list
Classic
Best Score? Go Orange.
MYSTERY OLDIE LYRICS 1951 Stats
Can you figure out the mystery oldie lyrics from 1951?
By
starwriter1109
11m
107 Questions
16 Plays
16 Plays
16 Plays
Comments
Comments
Give Quiz Kudos
Give Quiz Kudos
-
- Ratings
hide this ad
Replay
Link that replays current quiz
Next Quiz
Link to next quiz in quiz playlist
You Got
0%
They Got
Avg Score
58%
Avg Friend Score
Upgrade to see
Score Distribution
Jump to the score distribution portion of the page
Score
0/107
Timer
11:00
0
Plays Today
Lyrics
% Correct
I
100%
you
100%
you
100%
you
100%
me
93.8%
a
93.8%
a
93.8%
A
93.8%
a
93.8%
me
93.8%
a
93.8%
me
93.8%
me
93.8%
A
93.8%
a
93.8%
be
93.8%
me
93.8%
a
93.8%
me
93.8%
can
93.8%
A
93.8%
a
93.8%
on
87.5%
And
87.5%
on
87.5%
And
87.5%
on
87.5%
And
87.5%
on
87.5%
to
81.3%
to
81.3%
to
81.3%
your
81.3%
to
81.3%
my
75%
that
75%
Lyrics
% Correct
my
75%
my
75%
we
75%
When
75%
my
75%
for
75%
my
75%
that
75%
what
75%
Give
68.8%
Give
68.8%
Give
68.8%
Give
68.8%
give
68.8%
with
62.5%
with
62.5%
kiss
56.3%
dream
56.3%
kiss
56.3%
no
56.3%
kiss
56.3%
dream
56.3%
kiss
56.3%
one
56.3%
kiss
56.3%
dream
56.3%
kiss
56.3%
dream
56.3%
will
50%
than
50%
this
50%
will
50%
heart
50%
I'm
50%
I'll
50%
will
50%
Lyrics
% Correct
build
43.8%
more
43.8%
build
43.8%
build
43.8%
build
43.8%
make
37.5%
lips
31.3%
moment
31.3%
moment
31.3%
Sweetheart
25%
ask
25%
leave
25%
Leave
25%
thing
25%
true
25%
just
25%
live
25%
imagination
18.8%
upon
18.8%
imagination
18.8%
alone
18.8%
they're
18.8%
imagination
18.8%
alone
18.8%
thrive
12.5%
before
12.5%
feed
12.5%
hungry
12.5%
before
12.5%
part
12.5%
fancies
12.5%
Weaving
12.5%
romances
12.5%
making
12.5%
believe
12.5%
Quiz Playlist
Details
Report
Send in Message
Add To Playlist
Classic:
Type in answers that appear in a list
Last Updated: Jul 15, 2019
Quiz Scoreboard
CHALLENGE
Sign Up to Join the Scoreboard
Show All
Scores
Hide
Comments
May contain spoilers
Recently Published
Holiday 10x10 Sorting Gallery
by lukepisani3
Holiday
15m
Two Season TV Shows II
by 123Four
Television
10m
Image Sorting: Flags VI
by Barbecue
Geography
2m
More to Explore
Quiz From the Vault
Featured Blog Post
14 Easter Pick-up Lines to Find Eggs With
hide this ad
You Might Also Like...
Tags
1951
Mystery
Today's Top Quizzes in Music
Browse Music
hide this ad
Top Contributed Quizzes in Music
1
5X2 Blitz: Bands II
2
Taylor Swift All Songs (2024)
3
5X2 Blitz: The Beatles
4
5X2 Blitz: Billboard
5
Music Artist by Three 2010s hits
6
5X2 Blitz: Billboard II
7
5X2 Blitz: Album
8
5X2 Blitz: Rock
9
5X2 Blitz: Singers
10
5X2 Blitz: Lyrics
Explore More
Trending Topics
Anime
NBA
Marvel
Disney
Harry Potter
Kpop
Crossword
Soccer
Song
Country
WWE
Puzzle
Pokémon
The Office
NFL
hide this ad
More By:
starwriter1109
Quiz
Plays
Rating
Category
Featured
Created
Books Cut Off At 'M'
13,971
4.56
Literature
Mar 14, 2018
Jumbled Old Movie Stars
10,232
4.76
Movies
Apr 4, 2019
Mystery Lyrics 1973 Part 8
1,816
4.78
Music
Nov 23, 2018
80's Songs Cut at N
1,520
4.35
Music
Jun 19, 2018
Book Titles with Double Consonants
648
4.13
Literature
Apr 9, 2020
Go to Creator's Profile
Score Distribution
Quiz Creator Spotlight
starwriter1109
Follow
Send a Message
Quizzes Created
-
Created Quiz Play Count
-
More By This Creator
Popular Quizzes Today
1
Find the US States - No Outlines Minefield
2
Colored Red Africa Blitz
3
Find the 'City' Movie
4
The Countries of the World
5
5x2 Blitz: Bands
6
Find the US States
7
Find the Countries of Europe - No Outlines Minefield
8
US States
More Music Quizzes
ZB1, BND and Xikers Logic Puzzle
Quiz Lab
Trending Quizzes
Colored Red Europe Blitz I
Colored Red Europe Blitz II
Colored Red Africa Blitz II
Colored Red Europe Blitz III
Colored Red Africa Blitz III
Recently Updated
Odd Team Out - Big 4 Players
pecheneg
Quick Pick: 20 Twenties
pecheneg
March Madness Men's Triple Doubles
pecheneg
How Do You Spell That?
pecheneg
Godzilla Movies
pecheneg
Grab Bag: 4-10 Letters
pecheneg
2024 March Madness Bracket
pecheneg
Famous TV Couples
Peacemaker
Champions League XIs: Real Madrid
pecheneg
Largest US Cities 1790-2010
pecheneg
Trending Topics
Crossword
Disney
Kpop
Marvel
NBA
Anime
Harry Potter
WWE
Pokémon
Song
Soccer
NFL
Puzzle
The Office
Country
Your Account Isn't Verified!
In order to create a playlist on Sporcle, you need to verify the email address you used during registration. Go to your
Sporcle Settings
to finish the process.
Report this User
Report this user for behavior that violates our
Community Guidelines
.
Details:
Send Report
Go to the Sporcle.com Mobile Site →
Comments